| 000 | 01444cam a2200349 i 4500 | ||
|---|---|---|---|
| 001 | 18245669 | ||
| 003 | EG-ScBUE | ||
| 005 | 20240919095101.0 | ||
| 008 | 140729s2017 enkab f b 001 0 eng d | ||
| 020 | _z9781138567320 | ||
| 040 |
_aDLC _beng _erda _cDLC _dDLC |
||
| 043 | _af-ua--- | ||
| 082 | 0 | 4 |
_a728.096216 _222 _bABD |
| 100 | 1 |
_aAbdelmonem, M. Gamal, _eauthor. |
|
| 245 | 1 | 4 |
_aThe architecture of home in Cairo : _bsocio-spatial practice of the Hawari's everyday life / _cMohamed Gamal Abdelmonem, Queen's University Belfast, UK. |
| 264 | 1 |
_aAbingdon, Oxfordshire ; _aNew York : _bRoutledge, _c2017. |
|
| 300 |
_axviii, 349 pages : _billustrations, maps ; _c26 cm |
||
| 336 |
_atext _btxt _2rdacontent |
||
| 337 |
_aunmediated _bn _2rdamedia |
||
| 338 |
_avolume _bnc _2rdacarrier |
||
| 504 | _aIncludes bibliographical references and index. | ||
| 650 | 7 |
_aArchitecture and society _zEgypt _zCairo. _2BUEsh |
|
| 650 | 7 |
_aDomestic space _zEgypt _zCairo. _2BUEsh |
|
| 650 | 7 |
_aAlleys _xSocial aspects _zEgypt _zCairo. _2BUEsh |
|
| 651 | 7 |
_aCairo (Egypt) _xBuildings, structures, etc. _2BUEsh |
|
| 651 | 7 |
_aCairo (Egypt) _xSocial conditions. _2BUEsh |
|
| 653 |
_cSeptember2024 _bART |
||
| 655 | _vReading book | ||
| 906 |
_a7 _bcbc _corignew _d1 _eecip _f20 _gy-gencatlg |
||
| 942 |
_2ddc _cBB |
||
| 999 |
_c30817 _d30788 |
||